Under a shadow (Record no. 83086)

MARC details
000 -LEADER
fixed length control field 00867cab a22002295a 4500
001 - CONTROL NUMBER
control field L152780
008 - FIXED-LENGTH DATA ELEMENTS--GENERAL INFORMATION
fixed length control field 110427e20110416xxk 000 0 eng d
035 ## - SYSTEM CONTROL NUMBER
System control number (Sirsi) u152780
041 0# - LANGUAGE CODE
Language code of text/sound track or separate title eng
100 1# - MAIN ENTRY--PERSONAL NAME
Personal name Bickford-Smith, Stephen
245 00 - TITLE STATEMENT
Title Under a shadow
260 ## - PUBLICATION, DISTRIBUTION, ETC.
Date of publication, distribution, etc. 2011
490 ## - SERIES STATEMENT
Series statement Estates Gazette
Volume/sequential designation (1115) 16 April 2011, 82-84(3)
520 ## - SUMMARY, ETC.
Summary, etc. Implications for the development industry after HXRUK II (CHC) Ltd v Heaney [2010] which was settled before the hearing of the appeal. Argues that developers cannot assume that rights of lights can be paid off prior to or duing the course of a trial.
590 ## - LOCAL NOTE (RLIN)
Local note KA
650 24 - SUBJECT ADDED ENTRY--TOPICAL TERM
Topical term or geographic name entry element HXRUK II (CHC) LTD V HEANEY
651 #4 - SUBJECT ADDED ENTRY--GEOGRAPHIC NAME
Geographic name United Kingdom
Chronological subdivision
690 ## - LOCAL SUBJECT ADDED ENTRY--TOPICAL TERM (OCLC, RLIN)
Topical term or geographic name as entry element PROPERTY-PROPERTY MANAGEMENT-RIGHTS TO LIGHT DETERMINATIONS-RIGHT TO LIGHT
700 1# - ADDED ENTRY--PERSONAL NAME
Personal name Baker, Matthew
700 1# - ADDED ENTRY--PERSONAL NAME
Personal name Shaw, Keith
942 ## - ADDED ENTRY ELEMENTS (KOHA)
Suppress in OPAC 0
Holdings
Withdrawn status Lost status Source of classification or shelving scheme Damaged status Not for loan Home library Current library Shelving location Date acquired Total Checkouts Full call number Barcode Date last seen Copy number Price effective from Koha item type
    Dewey Decimal Classification     London London Journal article 27/04/2011   L152780 152780-1001 06/08/2019 1 06/08/2019 Journal article